LEADER 01730nam0-22003611i-450 001 990009738850403321 005 20170329105642.0 035 $a000973885 035 $aFED01000973885 035 $a(Aleph)000973885FED01 035 $a000973885 100 $a20130611d1781----km-y0itay50------ba 101 0 $aita 140 $af-------a-----------b------- 141 $aa--b-bb-$5IT-Na0420-Rari-Geogr.E-01-095---------------------------------------------- 200 1 $aDescrizione dello stato antico ed attuale del contado di Molise con un saggio storico sulla costituzione del regno, dell'avvocato Giuseppe M.a Galanti. Tomo 1.[-2.] 210 $aNapoli$cpresso la Società letteraria e tipografica$d1781 215 $a2 v. (233, [3] p. ; 126, [2] p.$d8° 300 $aTestatine, iniziali e fregi xil. 318 $5IT-Na0420 Rari Geogr. E-01-095$aPiccolo restauro sui front.; nuova legatura con recupero sul dorso dell'etichetta originale$c2005 610 0 $aMolise$aGeografia antica 620 $aItalia$cNapoli 700 1$aGalanti,$bGiuseppe Maria$f<1743-1806 >$036576 719 02$aSocietà letteraria e tipografica$4650 801 0$aIT$bUNINA$gRICA$2UNIMARC 856 4 $aVisualizza versione elettronica del v. 1$uhttps://books.google.it/books?id=2EsronGnD4EC&pg=PA7&hl=it&source=gbs_selected_pages&cad=2#v=onepage&q&f=false$e20170328 901 $aAQ 912 $a990009738850403321 952 $aRari Geogr. E-01-095$bIst. 3313$fILFGE 952 $aRari Geogr. E-01-096$bIst. 3313$fILFGE 959 $aILFGE 996 $aDescrizione dello stato antico ed attuale del contado di Molise con un saggio storico sulla costituzione del regno, dell'avvocato Giuseppe M.a Galanti. Tomo 1$9842257 997 $aUNINA LEADER 01217nam--2200337---450- 001 990001987000203316 005 20040907145340.0 035 $a000198700 035 $aUSA01000198700 035 $a(ALEPH)000198700USA01 035 $a000198700 100 $a20040907d1972----km-y0itay0103----ba 101 0 $afre 102 $aCH 105 $a||||||||001yy 200 1 $aHistoire des Sevarambes$epeuples qui habitent une partie du troisieme continent, communement appellé la terre australe$econtenant un compt exact du gouvernement, des moeurs, de la religion, & du language de cette nation, jusques aujourd'hui inconnue aux peuples de l'Europe$fDenis Vairasse 210 $aParis$cMicroeditions Hachette$d1972 215 $a17 microfot$d10x15 cm 300 $aMicroriproduzione. Ed. orig. : Paris, Chez Claude Barbin, 1677, 1979. 4. v. 410 0$12001 461 1$1001-------$12001 676 $a321.07 700 1$aVAIRASSE,$bDenis$0460178 801 0$aIT$bsalbc$gISBD 912 $a990001987000203316 951 $a321.07 VAI microfot.$b14689 L.M.$c321.07 959 $aBK 969 $aUMA 979 $aSIAV1$b10$c20040907$lUSA01$h1453 996 $aHistoire des Sevarambes$950774 997 $aUNISA LEADER 02430nam 2200661Ia 450 001 9910462242103321 005 20200520144314.0 010 $a1-283-73851-1 010 $a1-55553-800-2 035 $a(CKB)2670000000278222 035 $a(EBL)1085118 035 $a(OCoLC)816818663 035 $a(SSID)ssj0000832169 035 $a(PQKBManifestationID)11465889 035 $a(PQKBTitleCode)TC0000832169 035 $a(PQKBWorkID)10898769 035 $a(PQKB)11643093 035 $a(MiAaPQ)EBC1085118 035 $a(MdBmJHUP)muse18917 035 $a(Au-PeEL)EBL1085118 035 $a(CaPaEBR)ebr10620947 035 $a(CaONFJC)MIL405101 035 $a(EXLCZ)992670000000278222 100 $a20120411d2012 uy 0 101 0 $aeng 135 $aur|n|---||||| 181 $ctxt 182 $cc 183 $acr 200 10$aCybercrime and the law$b[electronic resource] $echallenges, issues, and outcomes /$fSusan W. Brenner 210 $aBoston $cNortheastern University Press$dc2012 215 $a1 online resource (273 p.) 300 $aDescription based upon print version of record. 311 $a1-55553-798-7 320 $aIncludes bibliographical references and index. 327 $aHacking -- Malware and DDoS attacks -- Cybercrimes against property -- Cybercrimes against persons -- Cyber CSI : the evidentiary challenges of digital crime scenes -- Cybercrime investigations and privacy -- Transnational investigation of cybercrime -- Mutating cyberthreats : crime, terrorism, and war. 330 $aThe first full-scale overview of cybercrime, law, and policy 606 $aComputer crimes$zUnited States 606 $aComputer networks$xLaw and legislation$zUnited States$xCriminal provisions 606 $aComputer viruses$zUnited States 606 $aComputer hackers$zUnited States 606 $aCriminal jurisdiction$zUnited States 608 $aElectronic books. 615 0$aComputer crimes 615 0$aComputer networks$xLaw and legislation$xCriminal provisions. 615 0$aComputer viruses 615 0$aComputer hackers 615 0$aCriminal jurisdiction 676 $a345.730268 676 $a364.16/80973 700 $aBrenner$b Susan W.$f1947-$01037131 801 0$bMiAaPQ 801 1$bMiAaPQ 801 2$bMiAaPQ 906 $aBOOK 912 $a9910462242103321 996 $aCybercrime and the law$92457886 997 $aUNINA